Onomatopées dans Dragon Ball - Statistiques

Statistiques générales
  • Ce quiz a été pris 152 fois
  • Le résultat moyen est 7 sur 114
Statistiques - réponses
1ère lettre Onomatopée % Correct
A Ah
79%
A Aa
52%
B Bou
35%
O Oh
33%
A Aïe
30%
B Bam
26%
P Pi
26%
B Boum
24%
H Ho
23%
B Bim
21%
H
21%
H Hi
19%
E Eh
18%
P Paf
16%
O Oo
14%
Z Zz
13%
G Gr
12%
B Bl
11%
P Plouf
11%
P Pan
10%
G Ga
9%
P Poum
9%
C Crac
8%
Y Yah
8%
M Mm
7%
P Pf
7%
P Pof
7%
Z Zip
7%
B Bada
6%
B Bing
6%
I Ii
6%
O Ouf
6%
T Tac
6%
T Toc
6%
B Bip
5%
B Bom
5%
B Bz
5%
V Vlam
5%
V Vroum
5%
C Clac
4%
F Flop
4%
L La
4%
O Ouille
4%
T Tap
4%
W Wah
4%
B Badaboum
3%
B Ben
3%
C Cling
3%
M Miam
3%
N Nn
3%
P Ping
3%
P Puf
3%
B Bako
2%
B Bof
2%
C Croc
2%
F Frot
2%
G Gloup
2%
B Bakoko
1%
B Bakoom
1%
B Baoom
1%
B Bibip
1%
B Bipip
1%
B Blam
1%
B Boing
1%
B Broum
1%
B Burps
1%
C Clap
1%
C Couic
1%
C Cui
1%
F Fap
1%
F Flap
1%
F Foup
1%
G Gla
1%
G Gna
1%
H Hein
1%
H Hop
1%
H Humpf
1%
I Ip
1%
O Oua
1%
O Ouha
1%
O Ouin
1%
P Plaf
1%
R Rool
1%
T Tacrac
1%
T Tip
1%
U Uf
1%
V Vrom
1%
W Wam
1%
Y Yahou
1%
Z Zlaf
1%
B Bzip
0%
C Chick
0%
C Chloph
0%
C Chouf
0%
G Gaga
0%
G Glups
0%
G Guegue
0%
H Houla
0%
H Humf
0%
O Ouah
0%
O Ouaou
0%
O Ouhaou
0%
P Pfit
0%
P Pfou
0%
P Pft
0%
P Pfuit
0%
S Schlop
0%
T Tacatac
0%
T Tsit
0%
T Tst
0%
W Waouou
0%
Y Yaou
0%
Y Yaouh
0%
Y Youpla
0%
Aucun quiz correspondant
Distribution des résultats
% des personnes avec chaque résultat
Percentile par nombre de réponses
Votre historique - résultats
Vous n’avez pas pris ce quiz